|
|
|
|
| LEADER |
00924nam a2200253 a 4500 |
| 001 |
14133263 |
| 008 |
100715r2008 maua b 000 0 eng d |
| 010 |
|
|
|a 2005935212
|
| 020 |
|
|
|a 8177227599
|
| 020 |
|
|
|a 9788177227598
|
| 040 |
|
|
|a DLC
|c DLC
|d BD-DhAAL
|
| 082 |
0 |
0 |
|a 658
|2 22
|
| 100 |
1 |
|
|a Kreitner, Robert.
|
| 245 |
1 |
0 |
|a Management /
|c Robert Kreitner,Mamata Mohapatra,Indian Adaptor.
|
| 250 |
|
|
|a 2008th ed.(Glocal Text)
|
| 260 |
|
|
|a Boston :
|b Houghton Mifflin Co.;
|a New Delhi :
|b Biztantra,
|c c2008.[Reprinted]
|
| 300 |
|
|
|a xxvii,554 p. :
|b ill. ;
|c 26 cm.
|
| 504 |
|
|
|a Includes bibliographical references.
|
| 541 |
1 |
|
|e 00020697
|
| 650 |
|
0 |
|a Management.
|
| 700 |
1 |
|
|a Mohapatra, Mamata.
|
| 852 |
4 |
|
|a Ayesha Abed Library
|j General shelf
|
| 999 |
|
|
|c 9357
|d 9357
|
| 952 |
|
|
|0 0
|1 0
|2 ddc
|4 0
|6 658_KRE_200800000000000
|7 0
|9 12088
|a BRACUL
|b BRACUL
|c GEN
|d 2010-09-26
|l 9
|m 20
|o 658 KRE
|p 3010020697
|r 2015-01-08
|s 2014-09-27
|t 1
|w 2010-09-26
|y BK
|